| 000 | 00352pam a2200157a 44500 | ||
|---|---|---|---|
| 008 | 230515b1993 xxu||||| |||| 00| 0 eng d | ||
| 020 | _aNULL | ||
| 041 | _aENGLISH | ||
| 082 | _aN.D. | ||
| 100 | _aPopov E.P. | ||
| 245 | _aMechanics Of Materials | ||
| 250 | _a0 | ||
| 260 |
_aNULL _bPrentice Hall of India _c1993 |
||
| 300 | _a590 | ||
| 650 | _aNULL | ||
| 999 |
_c575067 _d575067 |
||